| 000 | 00636nam a22001937a 4500 | ||
|---|---|---|---|
| 999 |
_c175320 _d175320 |
||
| 005 | 20200824122850.0 | ||
| 010 | _aENG-128372 | ||
| 020 |
_c775.00 _a9788179306956 |
||
| 035 | _aEN-111904 | ||
| 037 | _bDBAD/PUB | ||
| 082 | _a910.01 | ||
| 100 | _aAhir,Rajiv | ||
| 245 |
_aGeography/ _cby Rajiv Ahir...[etall.] ;edited by Kalpana Rajaram |
||
| 260 |
_aNoida _bPearson _c2020 |
||
| 270 |
_a15th floor,Tower-B,Word Trade Tower,Plot no.1,Block-C sec 16, _bNoida _e201301 _k04466540100 _mcompanysecretary.india@pearson.com |
||
| 300 |
_a1167p. _c25cm(pbk) |
||
| 700 | _aRajaram,Kalpana | ||
| 942 |
_2ddc _cEN _h910.01 _mAHI |
||